| Tag |
First Indicator |
Second Indicator |
Subfields |
| LEADER |
00000cam a2200000 4500 |
| 001 |
in00000058442 |
| 005 |
20151007082259.0 |
| 008 |
711111s1958 eng u |
| 010 |
|
|
|a 58063533
|
| 035 |
|
|
|a (OCoLC)00170638
|
| 035 |
|
|
|9 AAF7637AM
|
| 040 |
|
|
|c WSU
|d TXA
|d UtOrBLW
|
| 049 |
|
|
|a TXAM
|c [465012]
|
| 090 |
|
|
|a HB3525.N5
|b B7 1958
|
| 092 |
|
|
|a 312.09749
|b B912p, 1958
|
| 100 |
1 |
|
|a Brush, John E.
|
| 245 |
1 |
4 |
|a The population of New Jersey.
|
| 250 |
|
|
|a [2d ed.].
|
| 264 |
|
1 |
|a [Place of publication not identified] :
|b Rutgers University Press,
|c [1958]
|
| 300 |
|
|
|a 123 pages
|
| 336 |
|
|
|a text
|b txt
|2 rdacontent
|
| 337 |
|
|
|a unmediated
|b n
|2 rdamedia
|
| 338 |
|
|
|a volume
|b nc
|2 rdacarrier
|
| 504 |
|
|
|a Bibliographical footnotes.
|
| 651 |
|
0 |
|a New Jersey
|x Population.
|
| 999 |
|
|
|a MARS
|
| 999 |
f |
f |
|s ce527e9e-831f-3693-b170-5d26f59e8d40
|i 2745fc87-c9fe-33c4-bbcb-e6c64404aa58
|t 0
|
| 952 |
f |
f |
|p ric
|a Texas A&M University
|b Rellis Campus
|c Joint Library Facility
|d Remote Storage
|t 0
|e HB3525.N5 B7 1958
|h Library of Congress classification
|i unmediated -- volume
|m A14800655268
|
| 998 |
f |
f |
|a HB3525.N5 B7 1958
|t 0
|l Remote Storage
|